ბათუმის შოთა რუსთაველის სახელმწიფო უნივერსიტეტის ბიბლიოთეკა

Трихограмма(Экология и результаты применения в борьбе с вредными насекомыми) (ბიბ.ჩანაწერი № 46391)

000 -LEADER
fixed length control field 00751nam a2200217Ia 4500
001 - CONTROL NUMBER
control field 13227
003 - CONTROL NUMBER IDENTIFIER
control field GE_BSU
008 - FIXED-LENGTH DATA ELEMENTS--GENERAL INFORMATION
fixed length control field 181216s||||||||xx |||||||||||||| ||und||
040 ## - CATALOGING SOURCE
Transcribing agency GE_BSU
080 ## - UNIVERSAL DECIMAL CLASSIFICATION NUMBER
Universal Decimal Classification number 632.9
100 ## - MAIN ENTRY--PERSONAL NAME
Personal name Мейер, Н.Ф.
245 ## - TITLE STATEMENT
Title Трихограмма(Экология и результаты применения в борьбе с вредными насекомыми)
260 ## - PUBLICATION, DISTRIBUTION, ETC.
Place of publication, distribution, etc. Москва
260 ## - PUBLICATION, DISTRIBUTION, ETC.
Name of publisher, distributor, etc. Огиз-сельхозгиз
260 ## - PUBLICATION, DISTRIBUTION, ETC.
Date of publication, distribution, etc. 1941
300 ## - PHYSICAL DESCRIPTION
Extent 276стр.20см.
300 ## - PHYSICAL DESCRIPTION
Dimensions Библиогр.с.171-174
653 ## - INDEX TERM--UNCONTROLLED
Uncontrolled term Трихограмма
653 ## - INDEX TERM--UNCONTROLLED
Uncontrolled term Экология и результаты применения в борьбе с вредными насекомыми
942 ## - ADDED ENTRY ELEMENTS (KOHA)
Koha item type წიგნი
ეგზემპლარები
Withdrawn status Lost status Damaged status Not for loan Date acquired Barcode Date last seen Price effective from Koha item type
        2018-12-17 20907 2018-12-17 2018-12-17 წიგნი